| 000 | 00611nam a2200241Ia 4500 | ||
|---|---|---|---|
| 001 | 23527 | ||
| 005 | 20240114000727.0 | ||
| 007 | ta | ||
| 008 | 060328s1959 g b000 u 465 u | ||
| 040 | _aCotton College,Assam | ||
| 041 | _a465 | ||
| 082 |
_a539.8 _bH 874 N |
||
| 100 | _aHughes, Donald J.. | ||
| 245 | 0 |
_aThe Neutron Story / _cDonald J.Hughes. _hTextual Documents |
|
| 250 | _a1st ed. / | ||
| 260 |
_aNew York : _bDoubleday , _cC1959. |
||
| 300 |
_a158p. ; _c18cm. |
||
| 653 | _aNeutron Story | ||
| 653 | _aG-Physics | ||
| 942 |
_2ddc _cBK |
||
| 999 |
_c23509 _d23509 |
||